000 00835cam a2200289Mi 4500
001 65177
005 20230410124058.0
008 080714s2008 xx 000 0 eng d
035 _a(OCoLC)ocn239514973
040 _aGEBAY
_bger
_cGEBAY
_dGBVCP
020 _a9781583671610
020 _a1583671617
020 _a9781583671627
020 _a1583671625
035 _a(OCoLC)239514973
049 _aGRAL
050 1 4 _aM113 2008
100 1 _aMcChesney, Robert Waterman
245 0 4 _aThe political economy of media :
_benduring issues, emerging dilemmas
_cRobert McChesney
260 _aNew York
_bMonthly Review Press
_c2008
300 _a589 S.
653 0 _aMassenmedien
_aPolitik
_aWirtschaft
_aAufsatzsammlung
650 0 _aMass media
_xEconomic aspects.
942 _2lcc
_cbk
946 _aclperez
994 _aC0
_bDRFGD
999 _c70570
_d70570